Top 9 piłkarzy Bundesligi w FC 2025 - Statystyki

Ogólne statystyki
  • Ten quiz został rozwiązany 93 razy
  • Średni wynik to 8 z 9
Statystyki odpowiedzi
Piłkarz Narodowość Klub Pozycja Ocena ogólna % Poprawnych
Harry Kane Anglia Bayern Monachium Napastnik 90
100%
Florian Wirtz Niemcy Bayer Leverkusen Pomocnik 88
98%
Manuel Neuer Niemcy Bayern Monachium Bramkarz 86
93%
Gregor Kobel Szwajcaria Borussia Dortmund Bramkarz 88
92%
Jamal Musiala Niemcy Bayern Monachium Pomocnik 87
85%
Jonathan Tah Niemcy Bayer Leverkusen Obrońca 86
81%
Granit Xhaka Szwajcaria Bayer Leverkusen Pomocnik 86
80%
Alejandro Grimaldo Hiszpania Bayer Leverkusen Pomocnik 86
78%
Joshua Kimmich Niemcy Bayern Monachium Obrońca 86
69%
Nie znaleziono quizów pasujących do podanych kryteriów
Rozkład punktacji
Procent ludzi z każdym wynikiem
Percentyl według liczby udzielonych odpowiedzi
Twoja historia wyników
Nie rozwiązałeś tego quizu